[Event "DMP-III LIGA Senior PK 2020"]
[Site "Bystre"]
[Date "2020.07.12"]
[Round "9.21"]
[White "Janzer, Hubert"]
[Black "Palacki, Rafal"]
[Result "1-0"]
[WhiteElo "1893"]
[BlackElo "1755"]
[Annotator "NA RC"]
[PlyCount "137"]
[EventDate "2020.07.05"]
[EventType "team-tourn"]
[EventCountry "POL"]
[SourceTitle "playchess.com"]
[Source "ChessBase"]
[SourceQuality "1"]
[TimeControl "5400+30"]

1. d4 {[%emt 0:00:00]} Nf6 {[%emt 0:00:00]} 2. Bf4 {[%emt 0:00:00]} e6 {[%emt 0:00:46]} 3. e3 {[%emt 0:00:00]} c5 {[%emt 0:00:24]} 4. c3 {[%emt 0:00:00]} b6 {[%emt 0:01:39]} 5. Nd2 {[%emt 0:01:43]} Bb7 {[%emt 0:00:34]} 6. Ngf3 {[%emt 0:00:20]} Be7 {[%emt 0:02:38]} 7. Bd3 {[%emt 0:01:18]} Nc6 {[%emt 0:04:44]} 8. O-O {[%emt 0:03:50]} Nh5 {[%emt 0:02:32]} 9. Bg3 {[%emt 0:02:33]} Nxg3 {[%emt 0:02:09]} 10. fxg3 {[%emt 0:00:33]} d5 {[%emt 0:01:34]} 11. Qa4 {[%emt 0:04:50]} O-O {[%emt 0:04:39]} 12. e4 {[%emt 0:05:05]} cxd4 {[%emt 0:09:21]} 13. cxd4 {[%emt 0:01:44]} Nb4 {[%emt 0:01:11]} 14. Bb1 {[%emt 0:00:58]} Rc8 {[%emt 0:15:58]} 15. a3 $17 {[%emt 0:02:20]} dxe4 {[%emt 0:02:21]} 16. Bxe4 {[%emt 0:06:11]} Bc6 {[%emt 0:05:40]} 17. Bxc6 {[%emt 0:03:36]} Nxc6 {[%emt 0:00:08]} 18. Nb3 {[%emt 0:00:11]} Qd5 {[%emt 0:01:08]} 19. Rac1 {[%emt 0:15:13]} b5 {[%emt 0:02:06]} 20. Qa6 {[%emt 0:00:34]} Bf6 {[%emt 0:02:02]} 21. Rc3 {[%emt 0:03:23]} Rc7 {[%emt 0:17:44]} 22. Rfc1 {[%emt 0:01:58]} Nb8 {[%emt 0:01:02]} 23. Qa5 {[%emt 0:00:24]} Rd7 {[%emt 0:01:44]} 24. a4 {[%emt 0:01:06]} a6 {[%emt 0:00:46]} 25. axb5 {[%emt 0:01:08]} axb5 {[%emt 0:00:17]} 26. Qa3 {[%emt 0:03:27]} Rfd8 {[%emt 0:07:11]} 27. Rc5 {[%emt 0:01:42]} Qb7 {[%emt 0:00:51]} 28. Qa5 {[%emt 0:01:01]} Rd5 {[%emt 0:00:24]} 29. Rc7 {[%emt 0:01:40]} Qa6 {[%emt 0:00:18]} 30. Qc3 {[%emt 0:03:09]} Qd6 {[%emt 0:01:27]} 31. Rc8 {[%emt 0:05:28]} h6 {[%emt 0:01:17]} 32. Qc7 {[%emt 0:04:29]} Qb4 {[%emt 0:03:06]} 33. Rc3 {[%emt 0:00:27]} Rxc8 {[%emt 0:01:00]} 34. Qxc8+ {[%emt 0:00:08]} Rd8 {[%emt 0:00:07]} 35. Qc7 {[%emt 0:04:39]} Nd7 {[%emt 0:01:12]} 36. h3 {[%emt 0:00:53]} Nf8 {[%emt 0:01:01]} 37. Ne5 {[%emt 0:01:18]} Rxd4 {[%emt 0:00:35]} 38. Qxf7+ {[%emt 0:00:15]} Kh7 {[%emt 0:00:05]} 39. Nxd4 {[%emt 0:05:43]} Qxd4+ {[%emt 0:00:05]} 40. Kh2 {[%emt 0:00:13]} Qd6 {[%emt 0:03:00]} 41. Rf3 {[%emt 0:00:33]} Bxe5 {[%emt 0:00:29]} 42. Qxf8 {[%emt 0:00:45]} Bxg3+ {[%emt 0:00:07]} 43. Kh1 {[%emt 0:00:16]} Qd1+ {[%emt 0:00:26]} 44. Rf1 {[%emt 0:00:05]} Qd4 {[%emt 0:00:19]} 45. Qa3 {[%emt 0:01:06]} Bd6 {[%emt 0:00:24]} 46. Qb3 {[%emt 0:01:22]} Qe5 {[%emt 0:02:39]} 47. Qc2+ {[%emt 0:00:08]} Kg8 {[%emt 0:00:23]} 48. g4 {[%emt 0:00:12]} Qg3 {[%emt 0:01:29]} 49. Qg2 {[%emt 0:00:07]} Qe5 {[%emt 0:00:10]} 50. b3 {[%emt 0:01:25]} Qe3 {[%emt 0:00:18]} 51. Qf3 {[%emt 0:01:21]} Qe5 {[%emt 0:00:02]} 52. Rf2 {[%emt 0:00:51]} Qa1+ {[%emt 0:00:21]} 53. Kg2 {[%emt 0:00:07]} Qe5 {[%emt 0:00:05]} 54. Re2 {[%emt 0:01:25]} Qd5 {[%emt 0:02:23]} 55. Qxd5 {[%emt 0:00:09]} exd5 {[%emt 0:00:03]} 56. Rd2 {[%emt 0:00:15]} Be7 {[%emt 0:00:41]} 57. Rxd5 {[%emt 0:00:06]} b4 {[%emt 0:00:06]} 58. Rf5 {[%emt 0:00:31]} Bh4 {[%emt 0:00:52]} 59. Kf3 {[%emt 0:00:13]} g6 {[%emt 0:00:29]} 60. Rb5 {[%emt 0:00:43]} Be1 {[%emt 0:00:08]} 61. Rb7 {[%emt 0:00:06]} Bc3 62. Ke4 {[%emt 0:00:28]} h5 {[%emt 0:01:01]} 63. gxh5 {[%emt 0:00:19]} gxh5 {[%emt 0:00:04]} 64. Kf5 {[%emt 0:00:04]} h4 {[%emt 0:00:22]} 65. Kg4 {[%emt 0:00:14]} Be1 {[%emt 0:00:04]} 66. Re7 {[%emt 0:00:06]} Bc3 {[%emt 0:00:34]} 67. Re4 {[%emt 0:00:28]} Kf7 {[%emt 0:00:28]} 68. Kxh4 {[%emt 0:00:07]} Kf6 {[%emt 0:00:06]} 69. Kg4 {[%emt 0:00:07]} 1-0

[Event "DMP-III LIGA Senior PK 2020"]
[Site "Bystre"]
[Date "2020.07.12"]
[Round "9.22"]
[White "Zajac, Karol"]
[Black "Lach, Tomasz"]
[Result "1/2-1/2"]
[WhiteElo "1652"]
[BlackElo "1833"]
[Annotator "NA RC"]
[PlyCount "96"]
[EventDate "2020.07.05"]
[EventType "team-tourn"]
[EventCountry "POL"]
[SourceTitle "playchess.com"]
[Source "ChessBase"]
[SourceQuality "1"]
[TimeControl "5400+30"]

1. Nf3 d5 2. c4 c6 3. e3 Nf6 4. Be2 a6 5. O-O Bg4 6. b3 e6 7. Bb2 Nbd7 8. d3 Bc5 9. Nbd2 h6 10. Nd4 Bxe2 11. Qxe2 O-O 12. Rfd1 Re8 13. Rac1 Rc8 14. Nf1 Qe7 15. cxd5 cxd5 16. Ng3 Red8 $11 17. Nf3 Ba3 18. Rc3 Rxc3 19. Bxc3 Rc8 20. Bb2 Bxb2 21. Qxb2 Qc5 22. h3 Qc2 23. Qxc2 Rxc2 24. Rd2 Rc1+ 25. Kh2 Kf8 26. Ne2 Rc8 27. Ned4 Ke7 28. g4 Ne8 29. Ne1 Nd6 30. Rc2 Rxc2 31. Ndxc2 Nb5 32. d4 Nc3 33. a4 Kd6 34. Kg2 Ne4 35. f3 Nd2 36. Na1 Kc6 37. Kf2 b5 38. Ke2 Nb1 39. axb5+ Kxb5 40. Kd3 Na3 41. Kc3 Kb6 42. Nac2 Nb5+ 43. Kd2 Nd6 44. Nd3 a5 45. Kc3 Nb5+ 46. Kd2 Nd6 47. Kc3 Nb5+ 48. Kd2 Nd6 1/2-1/2

[Event "DMP-III LIGA Senior PK 2020"]
[Site "Bystre"]
[Date "2020.07.12"]
[Round "9.23"]
[White "Lach, Mateusz"]
[Black "Materniak, Aleksander"]
[Result "0-1"]
[WhiteElo "1674"]
[BlackElo "1660"]
[Annotator "NA RC"]
[PlyCount "96"]
[EventDate "2020.07.05"]
[EventType "team-tourn"]
[EventCountry "POL"]
[SourceTitle "playchess.com"]
[Source "ChessBase"]
[SourceQuality "1"]
[TimeControl "5400+30"]

1. d4 {[%emt 0:00:00]} Nf6 {[%emt 0:00:00]} 2. c4 {[%emt 0:00:00]} g6 {[%emt 0:00:00]} 3. Nc3 {[%emt 0:05:17]} Bg7 {[%emt 0:00:00]} 4. e3 {[%emt 0:00:23]} O-O {[%emt 0:00:16]} 5. Nf3 {[%emt 0:03:04]} d6 {[%emt 0:01:21]} 6. Be2 {[%emt 0:01:38]} Bf5 {[%emt 0:02:05]} 7. O-O {[%emt 0:00:47]} a5 {[%emt 0:00:45]} 8. a3 {[%emt 0:00:44]} Na6 {[%emt 0:01:00]} 9. Bd3 {[%emt 0:02:45]} Bxd3 {[%emt 0:03:42]} 10. Qxd3 {[%emt 0:01:42]} Nd7 {[%emt 0:01:01]} 11. b3 {[%emt 0:01:25]} e5 {[%emt 0:01:01]} 12. Bb2 {[%emt 0:00:56]} f5 {[%emt 0:02:30]} 13. dxe5 {[%emt 0:02:40]} dxe5 {[%emt 0:04:25]} 14. Qd5+ {[%emt 0:02:44]} Kh8 {[%emt 0:00:35]} 15. Na4 {[%emt 0:00:38]} c6 {[%emt 0:02:56]} 16. Qd6 {[%emt 0:02:28]} Ndc5 {[%emt 0:09:07]} 17. Qxd8 {[%emt 0:00:49]} Raxd8 {[%emt 0:01:09]} 18. Nxc5 {[%emt 0:01:09]} Nxc5 {[%emt 0:00:12]} 19. b4 {[%emt 0:00:31]} Nd3 {[%emt 0:13:10]} 20. Bc3 {[%emt 0:00:51]} axb4 {[%emt 0:00:54]} 21. axb4 {[%emt 0:00:24]} Ra8 {[%emt 0:00:46]} 22. Ng5 {[%emt 0:05:18]} Rfe8 {[%emt 0:02:39]} 23. Nf7+ {[%emt 0:06:23]} Kg8 {[%emt 0:00:18]} 24. Nd6 {[%emt 0:00:08]} Reb8 {[%emt 0:06:51]} 25. e4 {[%emt 0:04:38]} Nf4 {[%emt 0:06:03]} 26. Kh1 {[%emt 0:05:08]} Ne2 {[%emt 0:01:48]} 27. Bb2 {[%emt 0:02:10]} Nd4 {[%emt 0:07:26]} 28. Bxd4 {[%emt 0:11:40]} exd4 {[%emt 0:00:10]} 29. exf5 {[%emt 0:00:13]} Bf8 {[%emt 0:09:30]} 30. Ne4 {[%emt 0:14:06]} gxf5 {[%emt 0:03:50]} 31. Nf6+ {[%emt 0:01:30]} Kf7 {[%emt 0:00:46]} 32. Nd7 {[%emt 0:00:07]} Rd8 {[%emt 0:00:51]} 33. Ne5+ {[%emt 0:01:48]} Kf6 {[%emt 0:03:13]} 34. Nd3 {[%emt 0:00:10]} Re8 35. g3 {[%emt 0:03:15]} Rxa1 {[%emt 0:03:23]} 36. Rxa1 {[%emt 0:00:01]} Re2 {[%emt 0:00:13]} 37. c5 {[%emt 0:01:08]} Rd2 {[%emt 0:02:38]} 38. Ra3 {[%emt 0:08:11]} Bh6 {[%emt 0:01:20]} 39. Kg2 {[%emt 0:03:40]} Ke6 {[%emt 0:00:16]} 40. Ne1 {[%emt 0:03:51]} Be3 {[%emt 0:01:55]} 41. Nd3 {[%emt 0:00:37]} Kd5 {[%emt 0:02:34]} 42. Ra7 {[%emt 0:01:58]} Ke4 {[%emt 0:02:21]} 43. Nf4 {[%emt 0:01:24]} Rxf2+ {[%emt 0:00:52]} 44. Kh3 {[%emt 0:00:21]} Bxf4 {[%emt 0:00:43]} 45. gxf4 {[%emt 0:00:06]} d3 {[%emt 0:02:19]} 46. Rxb7 {[%emt 0:00:01]} d2 {[%emt 0:00:17]} 47. Rd7 {[%emt 0:00:19]} Rf3+ {[%emt 0:00:34]} 48. Kg2 {[%emt 0:00:09]} Rd3 {[%emt 0:00:19]} 0-1

[Event "DMP-III LIGA Senior PK 2020"]
[Site "Bystre"]
[Date "2020.07.12"]
[Round "9.24"]
[White "Tarsa, Joanna"]
[Black "Wladyka, Angelika"]
[Result "1/2-1/2"]
[WhiteElo "1574"]
[BlackElo "1601"]
[Annotator "NA"]
[PlyCount "37"]
[EventDate "2020.07.05"]
[EventType "team-tourn"]
[EventCountry "POL"]
[SourceTitle "playchess.com"]
[Source "ChessBase"]
[SourceQuality "1"]
[TimeControl "5400+30"]

1. e4 {[%emt 0:00:00]} d5 {[%emt 0:00:00]} 2. exd5 {[%emt 0:00:00]} Qxd5 {[%emt 0:00:00]} 3. d4 {[%emt 0:00:00]} c6 {[%emt 0:00:12]} 4. Nc3 {[%emt 0:01:43]} Qd6 {[%emt 0:01:38]} 5. Nf3 {[%emt 0:01:08]} Bg4 {[%emt 0:01:42]} 6. Be2 {[%emt 0:00:34]} Nf6 {[%emt 0:00:46]} 7. O-O {[%emt 0:01:47]} e6 {[%emt 0:04:58]} 8. Be3 {[%emt 0:01:28]} Be7 {[%emt 0:03:10]} 9. Qd2 {[%emt 0:03:39]} Qc7 {[%emt 0:06:41]} 10. Bf4 {[%emt 0:04:59]} Bd6 {[%emt 0:00:51]} 11. Bxd6 {[%emt 0:00:07]} Qxd6 {[%emt 0:00:05]} 12. h3 {[%emt 0:00:51]} Bxf3 {[%emt 0:03:10]} 13. Bxf3 {[%emt 0:00:19]} Nbd7 {[%emt 0:01:48]} 14. Rad1 {[%emt 0:03:19]} O-O {[%emt 0:05:38]} 15. Ne4 {[%emt 0:03:11]} Nxe4 {[%emt 0:04:00]} 16. Bxe4 {[%emt 0:00:13]} Nf6 {[%emt 0:00:04]} 17. Bf3 {[%emt 0:04:39]} Rad8 {[%emt 0:05:56]} 18. c3 {[%emt 0:01:08]} Rfe8 {[%emt 0:01:43]} 19. Qc2 {[%emt 0:01:07]} 1/2-1/2

[Event "DMP-III LIGA Senior PK 2020"]
[Site "Bystre"]
[Date "2020.07.12"]
[Round "9.25"]
[White "Lopuszanski, Kamil"]
[Black "Lorenc, Marian"]
[Result "1/2-1/2"]
[WhiteElo "1995"]
[BlackElo "2124"]
[Annotator "TA"]
[PlyCount "30"]
[EventDate "2020.07.05"]
[EventType "team-tourn"]
[EventCountry "POL"]
[SourceTitle "playchess.com"]
[Source "ChessBase"]
[SourceQuality "1"]

{[%evp 20,28,10,-4,-5,-8,7,0,0,-12,0]} 1. d4 d5 2. c4 c6 3. Nf3 Nf6 4. cxd5 cxd5 5. Nc3 Nc6 6. Bf4 a6 7. e3 Bf5 8. Bd3 Bxd3 9. Qxd3 e6 10. O-O Bd6 11. Bg3 {The position is equal.} Bxg3 {D14: Slav Defence: Exchange variation with ...Bf5.} 12. hxg3 Qd6 13. a3 O-O 14. Rfc1 Rfc8 {[#] An uneventful encounter.} {Predecessor:} 15. b4 $146 b5 {½-½ (15) Dobrovolskiy,R (2171)-Mikhalchenko,P (2350) Krasnoyarsk 2013} 1/2-1/2

[Event "DMP-III LIGA Senior PK 2020"]
[Site "Bystre"]
[Date "2020.07.12"]
[Round "9.26"]
[White "Marciniak, Leonard"]
[Black "Mazurkiewicz, Andrzej"]
[Result "1/2-1/2"]
[WhiteElo "1672"]
[BlackElo "1608"]
[Annotator "NA"]
[PlyCount "81"]
[EventDate "2020.07.05"]
[EventType "team-tourn"]
[EventCountry "POL"]
[SourceTitle "playchess.com"]
[Source "ChessBase"]
[SourceQuality "1"]
[TimeControl "5400+30"]

1. e4 {[%emt 0:00:00]} d5 {[%emt 0:00:00]} 2. exd5 {[%emt 0:00:00]} Qxd5 {[%emt 0:00:00]} 3. Nc3 {[%emt 0:00:00]} Qd6 {[%emt 0:00:02]} 4. g3 {[%emt 0:00:00]} g6 {[%emt 0:00:54]} 5. Bg2 {[%emt 0:00:09]} Bg7 {[%emt 0:00:28]} 6. Nge2 {[%emt 0:00:16]} c5 {[%emt 0:01:01]} 7. d3 {[%emt 0:00:36]} e5 {[%emt 0:01:42]} 8. Be3 {[%emt 0:00:23]} f5 {[%emt 0:01:10]} 9. f4 {[%emt 0:02:20]} Ne7 {[%emt 0:00:49]} 10. fxe5 {[%emt 0:00:25]} Bxe5 {[%emt 0:00:58]} 11. Qd2 {[%emt 0:00:44]} O-O {[%emt 0:01:57]} 12. O-O {[%emt 0:02:14]} a6 {[%emt 0:00:12]} 13. Bf4 {[%emt 0:01:41]} Nbc6 {[%emt 0:00:16]} 14. Rae1 {[%emt 0:03:08]} Bd7 {[%emt 0:01:05]} 15. b3 {[%emt 0:00:22]} b5 {[%emt 0:04:38]} 16. a4 {[%emt 0:01:51]} b4 {[%emt 0:00:18]} 17. Nd1 {[%emt 0:00:34]} Nd5 {[%emt 0:03:07]} 18. Bxe5 {[%emt 0:03:06]} Nxe5 {[%emt 0:01:27]} 19. Nf4 {[%emt 0:02:10]} Bc6 {[%emt 0:01:39]} 20. Nxd5 {[%emt 0:03:55]} Bxd5 {[%emt 0:00:26]} 21. Bxd5+ {[%emt 0:00:22]} Qxd5 {[%emt 0:00:27]} 22. Qf4 {[%emt 0:00:23]} Rae8 {[%emt 0:02:02]} 23. Ne3 {[%emt 0:00:23]} Qd4 {[%emt 0:00:32]} 24. Kg2 {[%emt 0:01:40]} Qxf4 {[%emt 0:04:54]} 25. gxf4 {[%emt 0:02:23]} Nc6 {[%emt 0:01:26]} 26. Nd5 {[%emt 0:02:03]} Kf7 {[%emt 0:02:58]} 27. Nc7 {[%emt 0:01:45]} Rxe1 {[%emt 0:02:35]} 28. Rxe1 {[%emt 0:00:02]} a5 {[%emt 0:01:50]} 29. Ne6 {[%emt 0:02:25]} Rc8 {[%emt 0:02:39]} 30. Ng5+ {[%emt 0:07:08]} Kg8 {[%emt 0:00:23]} 31. Re2 {[%emt 0:00:51]} h6 {[%emt 0:00:31]} 32. Nf3 {[%emt 0:00:23]} Nd4 {[%emt 0:00:36]} 33. Rd2 {[%emt 0:01:10]} Nxf3 {[%emt 0:00:59]} 34. Kxf3 {[%emt 0:00:02]} Kf7 {[%emt 0:01:24]} 35. Re2 {[%emt 0:01:21]} g5 {[%emt 0:00:53]} 36. Re5 {[%emt 0:00:35]} Kf6 {[%emt 0:01:27]} 37. Rd5 {[%emt 0:01:27]} Ke6 {[%emt 0:01:19]} 38. Re5+ {[%emt 0:00:55]} Kf6 {[%emt 0:00:06]} 39. Rd5 {[%emt 0:04:32]} Ke6 {[%emt 0:00:51]} 40. Re5+ {[%emt 0:00:32]} Kf6 {[%emt 0:00:03]} 41. Rd5 {[%emt 0:03:27]} 1/2-1/2

[Event "DMP-III LIGA Senior PK 2020"]
[Site "Bystre"]
[Date "2020.07.12"]
[Round "9.27"]
[White "Chowaniec, Artur"]
[Black "Klok, Kacper"]
[Result "0-1"]
[WhiteElo "1530"]
[BlackElo "1463"]
[Annotator "NA"]
[PlyCount "108"]
[EventDate "2020.07.05"]
[EventType "team-tourn"]
[EventCountry "POL"]
[SourceTitle "playchess.com"]
[Source "ChessBase"]
[SourceQuality "1"]
[TimeControl "5400+30"]

1. e4 {[%emt 0:00:24]} c5 {[%emt 0:00:00]} 2. Nf3 {[%emt 0:01:06]} Nc6 {[%emt 0:00:49]} 3. d4 {[%emt 0:03:53]} cxd4 {[%emt 0:01:16]} 4. Nxd4 {[%emt 0:04:34]} e5 {[%emt 0:01:10]} 5. Nb5 {[%emt 0:00:35]} d6 {[%emt 0:07:08]} 6. N1c3 {[%emt 0:04:59]} a6 {[%emt 0:01:27]} 7. Na3 {[%emt 0:00:55]} Nf6 {[%emt 0:14:00]} 8. Bg5 {[%emt 0:07:57]} Be6 {[%emt 0:09:21]} 9. Nd5 {[%emt 0:00:52]} Bxd5 {[%emt 0:01:49]} 10. Bxf6 {[%emt 0:01:11]} Qa5+ {[%emt 0:03:55]} 11. c3 {[%emt 0:00:44]} Bxe4 {[%emt 0:00:21]} 12. Bg5 {[%emt 0:04:01]} f6 {[%emt 0:09:32]} 13. Be3 {[%emt 0:01:00]} Qc7 {[%emt 0:19:55]} 14. f3 {[%emt 0:15:16]} Bg6 {[%emt 0:00:07]} 15. Bc4 {[%emt 0:00:10]} b5 {[%emt 0:01:11]} 16. Nxb5 {[%emt 0:00:58]} axb5 {[%emt 0:00:33]} 17. Bxb5 {[%emt 0:00:07]} Bf7 {[%emt 0:00:24]} 18. a4 {[%emt 0:00:09]} Be7 {[%emt 0:00:56]} 19. b4 {[%emt 0:00:06]} O-O {[%emt 0:00:08]} 20. a5 {[%emt 0:00:10]} Na7 {[%emt 0:00:13]} 21. c4 {[%emt 0:01:02]} Bxc4 {[%emt 0:01:18]} 22. Bxc4+ {[%emt 0:03:52]} Qxc4 {[%emt 0:00:07]} 23. Bd2 {[%emt 0:00:35]} Nb5 {[%emt 0:00:41]} 24. Qe2 {[%emt 0:00:24]} d5 {[%emt 0:01:34]} 25. Qxc4 {[%emt 0:00:24]} dxc4 {[%emt 0:00:07]} 26. Rb1 {[%emt 0:00:06]} c3 {[%emt 0:00:13]} 27. Be3 {[%emt 0:00:13]} c2 {[%emt 0:00:50]} 28. Rb2 {[%emt 0:00:11]} Nd4 {[%emt 0:00:26]} 29. O-O {[%emt 0:00:47]} Rfb8 {[%emt 0:00:09]} 30. Bxd4 {[%emt 0:00:29]} exd4 {[%emt 0:00:07]} 31. Rxc2 {[%emt 0:00:05]} Bxb4 {[%emt 0:00:05]} 32. Rc7 {[%emt 0:00:17]} Bxa5 {[%emt 0:00:18]} 33. Rd7 {[%emt 0:00:07]} Bc3 {[%emt 0:00:07]} 34. Kf2 {[%emt 0:01:09]} Ra2+ {[%emt 0:00:43]} 35. Kg3 {[%emt 0:00:11]} Rbb2 {[%emt 0:01:17]} 36. Kf4 {[%emt 0:00:10]} Bd2+ {[%emt 0:00:48]} 37. Ke4 {[%emt 0:00:23]} Be3 {[%emt 0:00:09]} 38. g4 {[%emt 0:00:45]} Rb8 {[%emt 0:00:51]} 39. h4 {[%emt 0:00:40]} Re8+ {[%emt 0:00:11]} 40. Kd5 {[%emt 0:00:41]} Ra5+ {[%emt 0:00:41]} 41. Kc6 {[%emt 0:00:49]} Rae5 {[%emt 0:00:23]} 42. Rb1 {[%emt 0:00:38]} R5e7 {[%emt 0:00:18]} 43. Rd5 {[%emt 0:00:37]} Rc8+ {[%emt 0:00:33]} 44. Kd6 {[%emt 0:00:22]} Kf7 {[%emt 0:00:39]} 45. g5 {[%emt 0:00:33]} Bf4+ {[%emt 0:00:16]} 46. Re5 {[%emt 0:00:20]} Bxe5+ {[%emt 0:00:11]} 47. Kd5 {[%emt 0:00:06]} Rd8+ {[%emt 0:00:08]} 48. Ke4 {[%emt 0:00:12]} Bg3+ {[%emt 0:00:09]} 49. Kf5 {[%emt 0:00:09]} Bxh4 {[%emt 0:00:52]} 50. f4 {[%emt 0:00:10]} fxg5 {[%emt 0:00:19]} 51. fxg5 {[%emt 0:00:08]} Rd5+ {[%emt 0:00:09]} 52. Kg4 {[%emt 0:00:12]} Bxg5 {[%emt 0:00:24]} 53. Rb6 {[%emt 0:00:14]} d3 {[%emt 0:00:14]} 54. Ra6 {[%emt 0:00:08]} d2 0-1

[Event "DMP-III LIGA Senior PK 2020"]
[Site "Bystre"]
[Date "2020.07.12"]
[Round "9.29"]
[White "Kielb, Miroslaw"]
[Black "Karas, Kacper"]
[Result "1-0"]
[WhiteElo "1394"]
[BlackElo "1150"]
[Annotator "NA RC"]
[PlyCount "131"]
[EventDate "2020.07.05"]
[EventType "team-tourn"]
[EventCountry "POL"]
[SourceTitle "playchess.com"]
[Source "ChessBase"]
[SourceQuality "1"]
[TimeControl "5400+30"]

1. e4 {[%emt 0:00:00]} c5 {[%emt 0:00:00]} 2. Nf3 {[%emt 0:00:00]} d6 {[%emt 0:00:00]} 3. d4 {[%emt 0:00:06]} cxd4 {[%emt 0:00:00]} 4. Nxd4 {[%emt 0:00:06]} Nf6 {[%emt 0:00:00]} 5. Nc3 {[%emt 0:00:26]} a6 {[%emt 0:00:00]} 6. Bd3 {[%emt 0:00:41]} e5 {[%emt 0:00:21]} 7. Nf3 {[%emt 0:01:22]} Be6 {[%emt 0:00:10]} 8. Bg5 {[%emt 0:01:47]} Nbd7 9. Nd5 {[%emt 0:02:07]} Bxd5 {[%emt 0:02:53]} 10. Bxf6 {[%emt 0:01:58]} Nxf6 {[%emt 0:00:54]} 11. exd5 {[%emt 0:00:34]} Qa5+ {[%emt 0:09:03]} 12. c3 {[%emt 0:06:27]} Qxd5 {[%emt 0:01:39]} 13. O-O {[%emt 0:01:11]} Be7 {[%emt 0:00:41]} 14. Re1 {[%emt 0:00:48]} O-O {[%emt 0:01:47]} 15. Qc2 {[%emt 0:03:07]} Rac8 {[%emt 0:02:31]} 16. Rad1 {[%emt 0:00:36]} Qc6 {[%emt 0:01:38]} 17. Ng5 {[%emt 0:02:03]} h6 {[%emt 0:00:21]} 18. Ne4 {[%emt 0:09:12]} d5 {[%emt 0:07:17]} 19. Nxf6+ {[%emt 0:04:37]} Bxf6 {[%emt 0:01:58]} 20. Bf5 {[%emt 0:00:45]} Rc7 {[%emt 0:00:39]} 21. Qb3 {[%emt 0:01:07]} Rd8 {[%emt 0:01:39]} 22. f3 {[%emt 0:05:51]} b5 {[%emt 0:06:52]} 23. Rd3 {[%emt 0:01:12]} g6 {[%emt 0:23:18]} 24. Bh3 {[%emt 0:01:20]} Qc5+ {[%emt 0:02:43]} 25. Kf1 {[%emt 0:01:39]} Qc4 {[%emt 0:04:53]} 26. Red1 {[%emt 0:13:26]} d4 {[%emt 0:03:11]} 27. Ke1 {[%emt 0:06:05]} a5 {[%emt 0:07:09]} 28. cxd4 {[%emt 0:02:30]} exd4 {[%emt 0:00:28]} 29. g3 {[%emt 0:02:48]} Re8+ {[%emt 0:05:07]} 30. Kf2 {[%emt 0:01:16]} Qxb3 {[%emt 0:01:16]} 31. axb3 {[%emt 0:00:55]} Re5 {[%emt 0:02:04]} 32. Rxd4 {[%emt 0:01:59]} Rh5 {[%emt 0:00:39]} 33. Rd6 {[%emt 0:08:31]} Rc2+ {[%emt 0:01:20]} 34. Ke3 {[%emt 0:01:22]} Bg5+ {[%emt 0:01:59]} 35. Kd3 {[%emt 0:03:09]} Rxh2 {[%emt 0:02:42]} 36. Bg4 {[%emt 0:00:23]} Be7 {[%emt 0:00:48]} 37. Rd7 {[%emt 0:01:39]} Re5 {[%emt 0:00:26]} 38. f4 {[%emt 0:00:27]} Rc5 {[%emt 0:04:37]} 39. Rxe7 {[%emt 0:00:33]} Rd5+ {[%emt 0:00:21]} 40. Ke3 {[%emt 0:01:18]} Rxd1 {[%emt 0:00:17]} 41. Bxd1 {[%emt 0:00:12]} Rxb2 {[%emt 0:00:26]} 42. Rb7 {[%emt 0:01:08]} Rg2 {[%emt 0:02:22]} 43. Kf3 {[%emt 0:00:57]} Rd2 {[%emt 0:00:08]} 44. Be2 {[%emt 0:00:17]} a4 {[%emt 0:00:36]} 45. Rxb5 {[%emt 0:01:52]} axb3 {[%emt 0:00:56]} 46. Rxb3 {[%emt 0:00:07]} Rd7 {[%emt 0:00:16]} 47. Rd3 {[%emt 0:01:23]} Ra7 {[%emt 0:00:18]} 48. g4 {[%emt 0:01:22]} Kg7 {[%emt 0:00:39]} 49. Rd5 {[%emt 0:00:36]} Re7 {[%emt 0:01:22]} 50. Bd3 {[%emt 0:00:55]} Ra7 {[%emt 0:01:30]} 51. Ke4 {[%emt 0:00:23]} Re7+ {[%emt 0:00:28]} 52. Re5 {[%emt 0:00:12]} Rd7 {[%emt 0:00:35]} 53. Bc4 {[%emt 0:00:40]} f6 {[%emt 0:02:28]} 54. Re8 {[%emt 0:01:13]} Rc7 {[%emt 0:00:22]} 55. Kd5 {[%emt 0:00:44]} h5 {[%emt 0:00:46]} 56. g5 {[%emt 0:03:44]} fxg5 {[%emt 0:00:21]} 57. fxg5 {[%emt 0:00:12]} Ra7 {[%emt 0:00:43]} 58. Ke6 {[%emt 0:00:56]} Ra5 {[%emt 0:00:32]} 59. Re7+ {[%emt 0:00:40]} Kf8 {[%emt 0:00:16]} 60. Kf6 {[%emt 0:00:33]} Rc5 {[%emt 0:00:25]} 61. Rf7+ {[%emt 0:00:40]} Ke8 {[%emt 0:00:12]} 62. Be6 {[%emt 0:00:35]} Kd8 {[%emt 0:01:05]} 63. Kxg6 {[%emt 0:00:27]} Rc6 {[%emt 0:00:23]} 64. Kf6 {[%emt 0:00:19]} Rb6 {[%emt 0:00:36]} 65. g6 {[%emt 0:00:06]} Rb2 {[%emt 0:00:30]} 66. g7 {[%emt 0:00:33]} 1-0

[Event "DMP-III LIGA Senior PK 2020"]
[Site "Bystre"]
[Date "2020.07.12"]
[Round "9.30"]
[White "Uliasz, Katarzyna"]
[Black "Wolak, Julia"]
[Result "0-1"]
[WhiteElo "1386"]
[BlackElo "1516"]
[Annotator "NA"]
[PlyCount "60"]
[EventDate "2020.07.05"]
[EventType "team-tourn"]
[EventCountry "POL"]
[SourceTitle "playchess.com"]
[Source "ChessBase"]
[SourceQuality "1"]
[TimeControl "5400+30"]

1. e4 {[%emt 0:00:00]} c5 {[%emt 0:00:00]} 2. Nc3 {[%emt 0:00:00]} Nc6 {[%emt 0:00:08]} 3. f4 {[%emt 0:00:16]} g6 {[%emt 0:00:21]} 4. Nf3 {[%emt 0:00:13]} Bg7 {[%emt 0:00:08]} 5. Bc4 {[%emt 0:00:12]} a6 {[%emt 0:00:49]} 6. d3 {[%emt 0:00:16]} e6 {[%emt 0:02:03]} 7. O-O {[%emt 0:00:11]} Nge7 {[%emt 0:00:14]} 8. Qe1 {[%emt 0:00:56]} O-O {[%emt 0:02:24]} 9. Bb3 {[%emt 0:10:29]} d5 {[%emt 0:00:39]} 10. Ne2 {[%emt 0:01:13]} Na5 {[%emt 0:01:05]} 11. c3 {[%emt 0:02:05]} Nxb3 {[%emt 0:01:09]} 12. axb3 {[%emt 0:00:01]} Nc6 {[%emt 0:07:00]} 13. Nd2 {[%emt 0:06:23]} Qb6 {[%emt 0:04:45]} 14. Kh1 {[%emt 0:01:01]} Na5 {[%emt 0:02:04]} 15. Ng3 {[%emt 0:04:56]} f5 {[%emt 0:01:19]} 16. Qd1 {[%emt 0:04:00]} dxe4 {[%emt 0:01:39]} 17. dxe4 {[%emt 0:00:09]} Rd8 {[%emt 0:00:13]} 18. Qc2 {[%emt 0:00:52]} e5 {[%emt 0:01:46]} 19. Nc4 {[%emt 0:01:47]} Nxc4 {[%emt 0:00:31]} 20. bxc4 {[%emt 0:00:09]} Be6 {[%emt 0:04:50]} 21. exf5 {[%emt 0:02:11]} Bxc4 {[%emt 0:02:56]} 22. Re1 {[%emt 0:00:55]} exf4 {[%emt 0:02:47]} 23. Bxf4 {[%emt 0:04:49]} Bd3 {[%emt 0:00:22]} 24. Qf2 {[%emt 0:00:35]} Rf8 {[%emt 0:04:02]} 25. Re6 {[%emt 0:07:39]} Qb3 {[%emt 0:03:57]} 26. Ra3 {[%emt 0:14:13]} Qc4 {[%emt 0:01:39]} 27. Bd6 {[%emt 0:04:26]} Qxe6 {[%emt 0:06:50]} 28. Bxf8 {[%emt 0:01:01]} Rxf8 {[%emt 0:00:13]} 29. Ra1 {[%emt 0:00:58]} Bxf5 {[%emt 0:00:14]} 30. Qxc5 {[%emt 0:00:18]} Qb3 {[%emt 0:01:57]} 0-1